التعامل مع الذات / (رقم التسجيلة. 29755)

تفاصيل مارك
000 -الفاتح
حقل البيانات ثابتة الطول 00670nam a22001931a 4500
003 - محدد رقم الضبط
رقم الضبط OSt
005 - وقت وتاريخ اخر تعامل مع التسجيلة
رقم الضبط 20150408114131.0
008 - عناصر البيانات ثابتة الطول - معلومات عامة
حقل البيانات ثابتة الطول 130416s2009 ku ||||g |||| 00| 0 ara d
040 #4 - مصدر الفهرسة
وكالة الفهرسة الأصلية MU
لغة الفهرسة ara
082 04 - رقم تصنيف ديوى العشرى
رقم الطبعة 21
رقم التصنيف 154.22
رقم المادة ر ب ت
100 1# - المدخل الرئيسى - إسم شخصى
الإسم الشخصى الرشيدي، بشير صالح
9 (RLIN) 13059
245 12 - بيان العنوان
العنوان التعامل مع الذات /
بيان المسئوليه,etc بشير صالح الرشيدي، منى بدر الجناعي.
250 ## - بيان الطبعة
بيان الطبعة ط. 3.
260 ## - PUBLICATION, DISTRIBUTION, ETC. (IMPRINT)
مكان الناشر او الموزع الكويت :
اسم الناشر او الموزع إنجاز للنشر والتوزيع،
تاريخ النشر أو التوزيع 2009
-- 1430
300 ## - الوصف المادى
التعداد 261 ص. ؛
أبعاد الوعاء 24 سم.
504 ## - تبصرة ببليوجرافية
تبصرة ببليوجرافية,الخ ببليوجرافية : ص. 243-255.
650 #4 - المدخل الاضافى بالموضوع-مصطلح موضوعى
مصطلح موضوعي أو اسم جغرافي كعنصر مدخل الأنا
التقسيم الفرعي العام جوانب نفسية
9 (RLIN) 35438
942 ## - عناصر المدخل الإضافي( كوها)
مصدر التصنيف او مخطط الترفيف Dewey Decimal Classification
Koha [default] item type كتاب
المقتنيات
حالة الفقد نموذج السعر الفعال حالة تلف ليس للاعارة رقم الطلب تاريخ الاكتساب الموقع الحالي الباركود الفرع الرئيسي Date last seen نوع المادة فى نظام كوها مصدر التصنيف او خطة الترفيف Total Checkouts
  2013-10-07     154.22 ر ب ت 2013-10-07 المكتبة المركزية بالمجمعة (CL) 00117735 المكتبة المركزية بالمجمعة (CL) 2013-10-07 كتاب Dewey Decimal Classification  
  2013-10-07     154.22 ر ب ت 2013-10-07 المكتبة المركزية بالمجمعة (CL) 00117736 المكتبة المركزية بالمجمعة (CL) 2013-10-07 كتاب Dewey Decimal Classification  
  2013-10-07     154.22 ر ب ت 2013-10-07 المكتبة المركزية بالمجمعة (CL) 00117737 المكتبة المركزية بالمجمعة (CL) 2013-10-07 كتاب Dewey Decimal Classification